[Event "West Wales Open"]
[Site "Swansea"]
[Date "2018.10.13"]
[Round "2"]
[White "Toczek, Grzegorz"]
[Black "Phillips, William"]
[Result "1-0"]
[WhiteElo "2318"]
[BlackElo "1862"]
[Annotator "kemen"]
[PlyCount "95"]
[EventDate "2018.10.12"]
[EventType "swiss"]
[EventRounds "5"]
[EventCountry "WLS"]

1. e4 e5 2. Nf3 Nc6 3. Bb5 a6 4. Ba4 Nf6 5. O-O Be7 6. Re1 b5 7. Bb3 O-O 8. a4
b4 9. a5 d6 10. d3 Bg4 (10... Be6) 11. Be3 (11. c3) 11... Nd4 (11... d5 {main})
12. Bxd4 exd4 13. Nbd2 (13. h3 Bxf3 14. Qxf3 Nd7 15. Nd2 Bg5 16. Nc4 Nc5 17.
Ba4 Rb8 18. Rf1 Qe7 19. Qd1 f5 {Shashikant-Laxman,Kolkota op 2008,1/2-1/2})
13... Nd7 14. h3 Bxf3 15. Nxf3 Bf6 $14 {Komodo12} (15... c5 16. Nd2 Bg5 17. Nc4
Ne5 18. Nb6 Ra7 19. Rf1 Nc6 20. Ba4 Nxa5 21. Nd7 Re8 22. f4 Bh6 23. Nf6+ Qxf6
24. Bxe8 $18 {Milos-Ramos, Sao Paulo zt 2000,1-0}) 16. Qd2 c5 17. Qe2 Ne5 18.
Nd2 (18. g3 Nxf3+ 19. Qxf3 g6 20. Bd5 Ra7 21. Qg2 Bg7 22. f4 $16 {Komodo12-
the opposite colour Bs help Wh's attack}) 18... Bg5 19. Bd5 Ra7 20. Rf1 Ng6 21.
g3 Bxd2 22. Qxd2 Ne7 23. Bb3 $14 (23. Bc4 {keeps an eye on the a pawn}) 23...
Nc6 24. Kg2 Kh8 25. Bd5 Ne7 26. Bc4 Qd7 (26... f5 $11 {Komodo12}) 27. Bb3 d5 (
27... f5 $11 {Komodo12}) 28. exd5 (28. Qf4 dxe4 29. Qxe4 Ng8 30. Rfe1 Nf6 31.
Qf3 $14 {Komodo12}) 28... Nxd5 29. Qe2 Nf6 30. Rfe1 Qc6+ 31. Qf3 Qxf3+ {Bl may
be better keeping Qs on, as Qs are good at defending multiple points of entry}
(31... Qc7 32. Re2 h6 33. Bc4 Re8 34. Rxe8+ Nxe8 35. Re1 Nd6 36. Qd5 Kh7 (36...
Nxc4 $2 37. Re8+ Kh7 38. Qf5+ g6 39. Qf6 $18) 37. Bb3 Rb7 38. Qe5 Rb5 39. Bxf7
Qxf7 40. Qxd6 Qb7+ (40... Rxa5 41. Re7 $18) 41. Kg1 b3 42. cxb3 Qf3 43. Re7
Rxa5 44. Rxg7+ Kxg7 45. Qc7+ Kg6 46. Qxa5 Qxd3 47. Qxc5 $16 {Komodo-1Bl has to
be very careful in all of this variation because the Wh pieces are very well
placed}) 32. Kxf3 $16 Re8 33. Rxe8+ Nxe8 34. Re1 (34. Ke4 {is another option})
34... Nd6 35. Re5 Rc7 36. Rd5 Nb7 37. Bc4 g6 38. Bxa6 Nxa5 $14 39. b3 Kg7 40.
Rd6 Nc6 41. Ke4 Ne7 42. g4 f6 (42... g5 43. f4 (43. Bb5 {Wh has almost all of
his pawns on the same colour as his B, but the active K clears a way to allow
the B to outrun the N when pawns come off} Ng6 44. Rd7 Rxd7 45. Bxd7 Nf4 46.
Ke5 Nxh3 47. f3 Nf4 48. Kd6 Ng6 49. Bc6 f5 50. Bd7 Nh4 51. Kxc5 Kf6 52. Kxb4
$16) 43... gxf4 44. Kxf4 Ng6+ 45. Ke4 Re7+ 46. Kd5 Re5+ 47. Kc6 Nf4 48. Bc4 f6
49. h4 h5 50. gxh5 Rxh5 51. Rd7+ Kh6 $14 {Komodo12- but the position feels
very unclear- with lots of play for both sides}) 43. f4 h6 (43... h5 $5) (43...
Ra7 $5) 44. Bb5 (44. Re6 $5) 44... g5 45. f5 Kf8 $2 {time?} (45... Ra7 46. Re6
Kf7 47. Bc4 Kg7 {and Wh still has to find a way in}) 46. Rxf6+ Kg7 47. Re6 Ra7
48. f6+ 1-0

[Event "West Wales Open"]
[Site "Swansea"]
[Date "2018.10.13"]
[Round "2"]
[White "Haigh, Tony"]
[Black "Van Veelen, Thomas"]
[Result "0-1"]
[WhiteElo "1800"]
[BlackElo "2094"]
[Annotator "kemen"]
[PlyCount "36"]
[EventDate "2018.10.12"]
[EventType "swiss"]
[EventRounds "5"]
[EventCountry "WLS"]

1. d4 d5 2. c4 c6 3. Nf3 Nf6 4. cxd5 cxd5 5. Nc3 Bf5 6. e3 (6. Qb3) (6. Bf4 {
mainlines & more active for Wh}) 6... e6 7. Nh4 (7. Ne5) (7. Qb3 {both more
frequent}) 7... Bg4 (7... Be4 8. f3 Bg6) 8. Qb3 (8. f3 {also played}) 8... Qc7
(8... Qd7 9. h3 Bh5 10. g4 Bg6 11. Nxg6 hxg6 12. g5 Ng8 13. e4 dxe4 14. d5 exd5
15. Bf4 Nc6 16. Nxd5 Bd6 (16... Nd4 $15) 17. Bxd6 Qxd6 18. Rd1 $16 {
Kharitonov-Beshukov, RUS cup Moscow 1998,1-0}) 9. h3 (9. f3) 9... Bh5 10. g4
Bg6 11. Nxg6 hxg6 12. Bg2 (12. g5 Nfd7 13. Bd2 Nc6 14. Rc1 $11) 12... Nc6 13.
Bd2 a6 14. O-O-O {looks a bit risky} (14. g5 Nd7 15. Ne2 Nb6 16. e4 Nc4 17.
exd5 Nxd2 18. Kxd2 exd5 19. Bxd5 Bd6 20. h4 O-O 21. h5 $11 {Komodo12}) 14...
Na5 15. Qc2 Nc4 (15... Rc8) 16. e4 (16. g5 Nd7 17. e4 $11 {Komodo12}) 16...
dxe4 17. Nxe4 (17. g5 Nd5 18. Bxe4 O-O-O $15 {Komodo12}) 17... Rc8 $17 18. Kb1
$2 (18. Nxf6+ gxf6 19. Bc3 b5 $15 (19... Ba3 20. bxa3 Nxa3 21. Qb3 Nb5 22. Kb2
Qxc3+ 23. Qxc3 Nxc3 24. Rc1 Na4+ 25. Kb3 Nb6 26. Rxc8+ Nxc8 27. Bxb7 Nd6 28.
Bxa6 Ke7 $11)) 18... Na3+ 0-1

[Event "West Wales Open"]
[Site "Swansea"]
[Date "2018.10.13"]
[Round "2"]
[White "McCarthy, Moss"]
[Black "Van Kemenade, Julie"]
[Result "1-0"]
[WhiteElo "1912"]
[BlackElo "1755"]
[Annotator "kemen"]
[PlyCount "103"]
[EventDate "2018.10.12"]
[EventType "swiss"]
[EventRounds "5"]
[EventCountry "WLS"]

1. d4 Nf6 2. c4 e5 3. dxe5 Ng4 4. Bf4 Bb4+ 5. Nc3 Bxc3+ 6. bxc3 Nc6 7. Nf3 Qe7
8. Qd5 f6 9. exf6 Nxf6 10. Qd3 d6 11. e3 (11. g3 O-O 12. Bg2 Bg4 13. O-O Rae8 {
main, eg Watson-J Van Kemenade, Bradford League 2001,1-0}) 11... O-O 12. Be2
Kh8 (12... Ne4) 13. O-O Nh5 $146 (13... Ne4) (13... Bg4) 14. Bg5 Qf7 15. Bh4
Bf5 16. Qd5 $16 Qg6 17. Nd4 Be4 (17... Nf6 18. Bxf6 (18. Qxf5 Nxd4 19. Qd3 Nf3+
20. Kh1 Nxh4 $19) 18... Be4 19. Qg5 Rxf6 20. Qxg6 Bxg6 21. Nxc6 bxc6 22. Bf3
Bd3 23. Rfd1 Bxc4 24. Bxc6 Rb8 25. Rab1 Rb6 26. Rxb6 axb6 27. e4 $16 {Komodo12}
) 18. Qg5 Qxg5 19. Bxg5 Nf6 (19... h6) 20. f3 Bg6 21. Ne6 (21. e4 $18) 21...
Rf7 22. Nf4 Ne5 23. e4 (23. c5 dxc5 24. e4 $16 {Komodo12}) 23... Re8 24. Nd5 c6
25. Nf4 h6 26. Nxg6+ Nxg6 27. Be3 b6 (27... a6) 28. Rad1 (28. a4 $16) 28... d5
(28... Rd7 29. Rd2 Ne5 30. Rfd1 Red8 31. h4 $16 {Komodo12}) 29. cxd5 cxd5 30.
Bb5 Ree7 31. Bd4 (31. Bc1 dxe4 32. Bc4 Rf8 33. Ba3 $18 {Komodo12}) 31... dxe4
32. Bxf6 (32. fxe4 Rxe4 $2 (32... Rf8 $16) 33. Bd3 Rg4 34. Bf5 Rg5 35. Be3 $18)
32... Rxf6 33. fxe4 Rxf1+ 34. Kxf1 Kg8 (34... Rxe4 35. Rd8+ Kh7 36. Bd3 Rf4+
37. Ke1 h5 38. Rd5 Kh6 39. g3 Rf7 40. Be2 $16 {Komodo12}) (34... Rc7 35. Rd3
Kg8 36. Kf2 Kf7 37. Ke3 Ke6 $14 {Komodo12}) 35. Rd8+ Kf7 36. Bc4+ Kf6 37. Bd5 (
37. Rd6+ Kg5 38. g3 Ne5 39. Be2 Rf7+ 40. Ke1 Rf6 41. Rd5 Re6 42. Kd2 $16 {
Komodo12}) 37... Ne5 (37... Rc7 {Rudy & Komodo12} 38. c4 (38. Rd6+ Kg5 39. g3
Ne5 40. Re6 Nf3 41. h4+ Kg4 42. Kg2 Ne1+ 43. Kf2 Nd3+ 44. Ke3 Nc5 (44... Rxc3
45. Kd4 Ra3 46. Rg6+ Kh3 47. Rxg7 $16) 45. Rg6+ Kh5 46. Rc6 Rxc6 47. Bxc6 Kg4
48. e5 (48. Kf2 Nd3+ 49. Kg2 Ne1+ $11) 48... Kxg3 49. Bd5 Kxh4 50. e6 Nxe6 51.
Bxe6 Kg3 52. Bf7 g5 53. a4 g4 54. Bh5 Kh4 55. Be8 Kh3 56. Bd7 Kg3 57. a5 h5 58.
axb6 axb6 59. Be8 {draws, other Wh moves lose- Lomonosov tablebases}) 38... Ne5
$11) 38. Rf8+ Kg6 39. Ke2 Ng4 40. h3 Nf6 41. Kd3 Nd7 42. Ra8 Nc5+ 43. Kd4 Kg5
44. Rf8 (44. e5) 44... Kh4 45. Rf7 Rxf7 46. Bxf7 $18 Kg3 47. e5 Kxg2 48. e6
Nxe6+ 49. Bxe6 g5 50. Kc4 (50. Ke4) 50... h5 (50... a6 51. Kd5) 51. Kb5 Kg3 52.
Ka6 1-0

[Event "West Wales Open"]
[Site "Swansea"]
[Date "2018.10.13"]
[Round "2"]
[White "Morgans, Justin"]
[Black "Howells, Chris"]
[Result "1/2-1/2"]
[WhiteElo "1769"]
[BlackElo "1904"]
[Annotator "kemen"]
[PlyCount "57"]
[EventDate "2018.10.12"]
[EventType "swiss"]
[EventRounds "5"]
[EventCountry "WLS"]

1. e4 e6 2. d4 d5 3. Nd2 Nc6 4. c3 e5 5. Ngf3 (5. exd5 {Harris- Fathallah,
same round 1/2-1/2}) 5... exd4 6. Nxd4 (6. cxd4) 6... Nxd4 7. cxd4 dxe4 8. Nxe4
Nf6 (8... Qe7 9. Qe2 Bd7 {Thorpe-Poobalasingam, S Wales Int , Penarth 2012,0-1}
) 9. Qe2 (9. Bd3 {main, 1 Wh win, 8 draws & 4 Bl wins}) 9... Bb4+ (9... Nxe4
10. Qxe4+ Qe7 11. Qxe7+ Bxe7 12. a3 (12. Bc4) 12... Be6 13. Bf4 O-O-O $17 {
Ambrosi-Naumkin, Porto San Giorgio op 2001,0-1}) 10. Bd2 Bxd2+ 11. Nxd2+ Qe7
12. Qxe7+ Kxe7 13. Bc4 Rd8 14. Nb3 c6 15. O-O $11 Kf8 16. Rfe1 Bf5 17. Rad1 Bc2
{getting rid of a potentially bad B} 18. Rd2 Bxb3 19. Bxb3 Rd7 20. f3 Rad8 21.
Red1 Nd5 $15 22. Kf2 Ke7 23. a3 Rd6 24. Re2+ Re6 25. Re5 Kf6 26. Bxd5 Rxd5 27.
Rxd5 cxd5 28. Rc1 Rc6 (28... Re7) 29. Rxc6+ $11 1/2-1/2

[Event "West Wales Open"]
[Site "Swansea"]
[Date "2018.10.13"]
[Round "3"]
[White "Heap, Gerry"]
[Black "Zeidler, Sven P."]
[Result "1-0"]
[WhiteElo "2163"]
[BlackElo "2238"]
[Annotator "kemen"]
[PlyCount "119"]
[EventDate "2018.10.12"]
[EventType "swiss"]
[EventRounds "5"]
[EventCountry "WLS"]

1. c4 f5 2. g3 Nf6 3. Bg2 g6 4. Nc3 Bg7 5. d3 O-O 6. e4 d6 7. Nge2 fxe4 8. dxe4
c5 9. O-O Nc6 10. h3 e5 11. Rb1 (11. f4) (11. Bg5) (11. Nd5 {main lines}) 11...
Be6 12. Nd5 (12. b3 Qd7 13. Kh2 Rf7 14. f4 Raf8 15. Nd5 Nh5 16. f5 {
Maeurer-Geisler, BL2 Sued 2003,0-1}) 12... Qd7 13. Kh2 Rf7 (13... Rad8 14. a3
Nd4 {Jakab-Burinda, Hun ch tm 2015,0-1}) 14. Be3 (14. a3 Raf8 15. Qa4 Nxe4 $1
16. f3 Nf6 $17 {Sega-Matsuura, Paulisto ch, Americana 2000,0-1}) 14... Raf8 15.
f3 (15. Nec3 a6 $11 {Komodo12}) 15... b5 16. cxb5 Nd4 17. Nec3 Nxd5 18. Nxd5 (
18. exd5 Bf5 19. Rc1 Qb7 $11 {Komodo12}) 18... Bxd5 19. exd5 Qxb5 $17 20. f4
Nf5 (20... Ne2 {Komodo12} 21. a4 Qa6 $19 22. Rf2 Nxg3 $1 23. Bxc5 (23. Kxg3
exf4+ $19) 23... dxc5 24. Kxg3 exf4+ 25. Kh2 Bd4 $19) 21. Bd2 Re7 (21... Nxg3 {
doesn't quite work} 22. Kxg3 exf4+ 23. Kh2 f3 24. Rxf3 Rxf3 25. Bxf3 Qd3 26.
Bg2 Rf2 27. Be1 Be5+ 28. Kg1 Qxd1 (28... Rxg2+ 29. Kxg2 Qe4+ 30. Kf1 Qh1+ 31.
Kf2 Bd4+ 32. Ke2 Qe4+ 33. Kd2 $16) 29. Rxd1 Rxb2 30. Rd2 Rb1 31. Kf2 $16) 22.
b4 c4 $17 23. a4 Qb6 24. Qc2 e4 25. Qxc4 e3 26. Be1 Rfe8 (26... e2 27. Rf3 Ne3
28. Qd3 Qd4 29. Qxd4 Bxd4 $17 {Komodo12}) 27. Rc1 e2 28. Rf3 Bd4 {overextending
} (28... Bb2 29. Rc2 Bf6 30. Rc1 Ne3 31. Qd3 Qd4 32. Qxd4 Bxd4 $15) 29. a5 $16
Bg1+ 30. Kh1 Qd4 31. g4 Re4 (31... Nh6 32. Rd3 Qxc4 33. Rxc4 Be3 34. Rdc3 $16 {
the Bl pawn is barricaded while Wh has gained Q side chances}) 32. Qxd4 $18
Nxd4 33. Kxg1 (33. Rd3 Bf2 34. Bxe4 Bxe1 35. Rxe1 Rxe4 36. Rc3 (36. Rxd4 Rxd4
37. Rxe2 Rxf4 38. Re7 Rxb4 39. Rxa7 $16 {only}) 36... Rxf4 37. Kg2 $18 {
Komodo12}) 33... Nxf3+ 34. Bxf3 Rxf4 35. Kf2 $18 {the 2Bs} Ref8 36. Rc3 Rxb4
37. Re3 Rb2 38. Rxe2 Rb3 39. Re3 Rb2+ 40. Kg3 Rc8 41. g5 Rc1 42. Bg4 Rbb1 43.
Bf2 Kf8 44. Rf3+ Ke8 45. Bxa7 Rb5 46. Bb6 Rxd5 47. Ra3 Rxg5 48. Kf4 Rxg4+ {
otherwise the a pawn just runs through} 49. hxg4 Kd7 50. a6 Rc8 51. a7 Ra8 52.
Rc3 h5 53. g5 (53. Rc7+ Ke6 54. Rb7) 53... Ke6 54. Rc7 Rf8+ 55. Ke3 (55. Kg3)
55... h4 56. Rh7 (56. Rb7 h3 57. Rb8 h2 58. Rxf8 h1=Q 59. a8=Q $18 {but the Bl
Q is a temporary nuisance}) 56... Kd5 57. Rxh4 Kc6 58. Bd4 Kb7 59. Rh7+ Ka8 60.
Rh8 (60. Rh8 Rxh8 61. Bxh8 Kxa7 62. Ke4 Kb6 63. Kd5 Kc7 64. Bd4 Kd7 65. Bb6 Ke7
66. Bc7 {and the g pawn drops as well}) 1-0

[Event "West Wales Open"]
[Site "Swansea"]
[Date "2018.10.13"]
[Round "3"]
[White "Fathallah, Joe"]
[Black "Jones, Iolo C"]
[Result "0-1"]
[WhiteElo "2067"]
[BlackElo "2225"]
[Annotator "kemen"]
[PlyCount "142"]
[EventDate "2018.10.12"]
[EventType "swiss"]
[EventRounds "5"]
[EventCountry "WLS"]

1. d4 Nf6 2. c4 e6 3. Nc3 Bb4 4. Qc2 O-O 5. Bg5 (5. a3 {main}) 5... h6 6. Bh4
c5 7. dxc5 (7. e3) 7... Bxc5 (7... Na6) 8. Nf3 Be7 9. e3 (9. e4 {also played})
9... b6 10. Bd3 (10. Be2 {main}) 10... Na6 (10... Bb7 {transposes; 1 Wh win, !
draw & 4 Bl wins}) 11. Qe2 (11. O-O Nb4 12. Qe2 Nxd3 13. Qxd3 $11 {3 games,
all 3 results}) 11... Bb7 12. O-O-O (12. O-O $11 {looks a little safer}) 12...
Nc5 $15 (12... Bb4 $15) 13. Bc2 Nfe4 14. Nxe4 Bxe4 15. Bxe4 Nxe4 16. Bxe7 Qxe7
$15 17. Kb1 Rfd8 18. Ne5 Rac8 19. f3 Nf6 20. Rc1 $11 d6 21. Nd3 d5 22. cxd5
Nxd5 23. e4 Nb4 24. Nxb4 Rxc1+ 25. Rxc1 Qxb4 26. Rd1 (26. Qc4) (26. a3) 26...
Rd4 27. a3 Qd6 28. Rxd4 Qxd4 29. Kc2 $11 {(draw?)} Qc5+ 30. Kd2 $2 (30. Kb3 $11
) 30... Qd6+ 31. Ke3 Qxh2 $17 32. Kf2 Qe5 (32... Qh4+ 33. Kg1 Qg5 {Komodo12})
33. Qd2 Qc5+ (33... g5 34. g3 h5 $17 {Komodo12}) 34. Kf1 Kh7 35. Qf4 f6 36. b4
Qc3 37. Qg4 (37. Qd6 Qxa3 38. Qxe6 Qxb4 $17 39. Qf5+ Kg8 40. Qe6+ Kf8 41. Qc8+
Kf7 42. Qd7+ Qe7 43. Qd5+ Qe6 44. Qb7+ Kg6 45. Qxa7 b5 $17 {Komodo12}) 37...
Qd3+ (37... Qe5 38. Kg1 a5 39. bxa5 bxa5 40. a4 h5 41. Qh3 Kg6 $19 {Komodo12})
38. Kf2 Qd4+ 39. Kf1 Qe5 40. Kf2 Kg8 (40... a5 $19) (40... b5 41. Ke3 h5 42.
Qh3 g6 43. g4 Kh6 44. gxh5 gxh5 45. Kd3 a6 46. Ke3 Qc3+ 47. Kf2 Qb2+ 48. Kg3
Qe5+ 49. Kg2 Qg5+ 50. Kf2 f5 51. exf5 exf5 52. Ke2 h4 $19 {Komodo12}) 41. Qg6
Kf8 42. Qg4 Kf7 $19 43. Ke2 Qb2+ 44. Kd3 Qb3+ (44... Qxa3+ 45. Kc4 {might give
a bit of K activity for Wh} a6 $19 {Komodo12}) 45. Ke2 Qxa3 46. Qh5+ Kf8 47.
Qg4 Qa2+ (47... Qxb4 48. Qxe6 Qb5+ 49. Ke1 a5 $19 {Komodo12}) 48. Kd3 Qb3+ 49.
Ke2 a5 $19 50. bxa5 bxa5 51. Qh5 Qb6 52. f4 a4 53. e5 Qb5+ (53... a3 54. exf6
a2 55. fxg7+ Kxg7 56. Qe5+ Kf7 57. Kf3 Qb3+ 58. Kf2 Qb1 59. Qh5+ Kg7 60. Qe5+
Kh7 61. Qxe6 a1=Q $19 {Komodo12- but no need to carefully check if Wh might
get a perpetual with the K exposure}) 54. Ke3 a3 55. Qd1 Qb6+ (55... Qc5+ 56.
Ke2 a2 57. Qa4 Qg1 $19 {Komodo12}) 56. Kf3 fxe5 (56... a2) 57. Qa4 Qb7+ 58. Kg3
exf4+ 59. Qxf4+ Kg8 60. Qa4 Qe7 (60... Qb8+ 61. Kh3 Qb2 $19 {Komodo12}) 61.
Qa8+ Kh7 62. Qe4+ g6 63. Qa8 h5 (63... e5) 64. Kf3 Qc5 65. Kf4 Qc4+ (65... Qf2+
66. Ke5 a2) 66. Kg3 a2 67. Qa7+ Kh6 68. Qe3+ g5 69. Qa3 Qf4+ 70. Kh3 g4+ (70...
Qh4#) 71. Kh4 g3+ 0-1

[Event "West Wales Open"]
[Site "Swansea"]
[Date "2018.10.13"]
[Round "3"]
[White "Jones, Ian Robert"]
[Black "Homer, Stephen J"]
[Result "1-0"]
[WhiteElo "2006"]
[BlackElo "2114"]
[Annotator "kemen"]
[PlyCount "45"]
[EventDate "2018.10.12"]
[EventType "swiss"]
[EventRounds "5"]
[EventCountry "WLS"]

1. e4 c5 2. Nf3 Nc6 3. b4 Nxb4 (3... cxb4 4. d4 {more frequent}) 4. c3 Nc6 5.
d4 d5 {main} 6. exd5 Qxd5 7. Na3 (7. Be2 {also}) 7... Bf5 (7... Bg4 {main}) 8.
Bc4 Qe4+ 9. Be3 e6 10. Qb3 (10. O-O $11 {New Engine & Komodo12}) 10... O-O-O {
an exposed place for the K} (10... cxd4 $17 11. Nxd4 Nxd4 12. cxd4 a6 (12...
Qxg2 $19) 13. O-O Bd6 14. Rac1 Nf6 15. Qa4+ Ke7 (15... b5 $19) 16. Qb3 b5 $17 {
Bach-Bingert, Hessen ch U14, Bad Homburg , 2012,0-1}) 11. O-O $16 {Bl is
underdeveloped} h6 12. Rfe1 cxd4 13. Bg5 (13. Nxd4 Nf6 14. f3 Nxd4 15. cxd4 Qc6
16. Nb5 Kb8 17. Bf4+ Ka8 18. Rac1 $18 {Komodo12}) (13. Bxd4 Qf4 14. Nb5 $18 {
New Engine}) 13... Qxe1+ (13... Qxf3 $5 14. gxf3 hxg5 15. Nb5 d3 16. Reb1 $16 {
Komodo12}) 14. Rxe1 hxg5 15. cxd4 (15. Nxd4 $16 {Komodo12}) (15. Nxg5 $16 {New
Engine}) 15... Nh6 (15... g4) 16. Bb5 $18 Nb4 17. Ne5 f6 18. Qc4+ (18. Rc1+ {
both Engines}) 18... Kb8 19. Nd7+ Rxd7 20. Bxd7 Bd6 21. Nb5 Bd3 22. Qxe6 Nf5
23. Qe8+ 1-0

[Event "West Wales Open"]
[Site "Swansea"]
[Date "2018.10.13"]
[Round "3"]
[White "Underwood, Jon"]
[Black "Paul, Nathanael"]
[Result "1-0"]
[WhiteElo "2114"]
[BlackElo "2090"]
[Annotator "kemen"]
[PlyCount "133"]
[EventDate "2018.10.12"]
[EventType "swiss"]
[EventRounds "5"]
[EventCountry "WLS"]

1. c4 c6 2. Nc3 d5 3. e3 Nf6 4. Nf3 Nbd7 5. Qc2 (5. d4 {main}) 5... e6 6. b3
Be7 (6... Bd6 {main}) 7. Bb2 O-O 8. Be2 (8. d4) 8... b6 9. O-O-O $146 (9. Rg1 {
main}) 9... dxc4 10. Bxc4 b5 $17 11. Be2 Nb6 (11... a5 $17 {Komodo12}) (11...
Bb7 12. g4 b4 13. Na4 c5 $17 {Komodo112}) 12. Rhg1 (12. Kb1 $11) (12. h4 $11)
12... a5 13. g4 a4 14. g5 Nfd5 (14... axb3 15. gxf6 (15. axb3 Nfd5 $17) 15...
bxc2 16. fxe7 Qxe7 {initially considered Bl winning by Komodo12, but on
further investigation} (16... cxd1=Q+ 17. Nxd1 g6 18. exd8=Q Rxd8 19. a3 $16)
17. Rxg7+ Kxg7 18. Nd5+ Kh6 19. Rg1 exd5 20. Bg7+ Kh5 21. Nd4+ Kh4 22. Nf3+ Kh5
23. Nd4+ $11 {repetition}) 15. Nxd5 Nxd5 $17 16. Kb1 axb3 17. Qxb3 Qa5 (17...
Bb7) 18. Nd4 Bd7 19. Rc1 c5 $19 20. Nxb5 Rfb8 21. a4 Qxa4 (21... Qxd2 $19) 22.
Qxa4 Rxa4 23. Nc3 Rab4 (23... Nxc3+ 24. dxc3 Bc6 25. f3 Rh4 26. Rg2 Re4 27.
fxe4 Bxe4+ 28. Bd3 (28. Rc2 Bxg2 $19) 28... Bxd3+ 29. Rcc2 c4 $19 {Komodo12}) (
23... Rh4 24. Kc2 (24. Rg2 Nxc3+ 25. dxc3 Bc6 26. f3 Re4 {transposes to above
note}) 24... Nxc3 25. Kxc3 Bd6 26. Ba1 Rxh2 $19 {Komodo12}) 24. Rc2 Nxc3+ (
24... R4b6 25. Ka1 Ra8+ 26. Kb1 Nb4 27. Rcc1 Rab8 28. Ka1 Bc6 $19 {Komodo121-
the Wh K is so exposed its just a matter of finding the right sequence- much
easier said than done}) 25. dxc3 R4b6 (25... Rh4 $17) 26. Bc4 Bd6 27. f4 (27.
Kc1 Bxh2 28. Rh1 Bc7 $17) 27... e5 $19 28. Rf2 Bf5+ (28... exf4 $1 29. exf4
Bf5+ 30. Ka1 (30. Kc1 Rxb2 31. Rxb2 Bxf4+ 32. Kd1 (32. Rd2 Rb1#) 32... Rxb2 $19
) 30... Ra8+ 31. Ba2 Rba6 32. Bc1 Be6 33. Rgg2 Bd5 34. h4 Rxa2+ 35. Rxa2 Bxg2
$19 {Komodo12}) 29. Kc1 exf4 30. Rgg2 Be4 (30... Bh3 {Komodo12, a little better
}) 31. Rg4 Bf5 32. Rgg2 g6 33. exf4 Re8 $19 34. Kd1 Bc7 (34... Re3) 35. Bd5 Rd8
36. c4 Rb4 (36... Be4 37. Bf6 Rb1+ 38. Ke2 Bxd5 39. cxd5 (39. Bxd8 Bxc4+ $19)
39... Rxd5 40. Rg3 Rf5 $15 (40... Bd8 41. Rd3 Rxd3 42. Kxd3 Bxf6 43. gxf6 Rb6
44. Kc4 Rxf6 45. Kxc5 $17 {but with pawns on one side may well be drawn,
though Wh has split pawns})) 37. Bf6 {Wh has managed to get his Bs to form a
barricade} Rb1+ 38. Kd2 Re8 39. Be5 Bxe5 (39... Ba5+ 40. Ke2 Bc3 41. Rf3 Bxe5
42. fxe5 Rb2+ 43. Kf1 Rxg2 44. Kxg2 Rxe5 $15 {Komodo12}) 40. fxe5 Rxe5 41. Re2
Rb2+ 42. Ke1 Rbxe2+ 43. Rxe2 Rxe2+ 44. Kxe2 {(draw?)} Kf8 {Komodo12} (44... Kg7
45. Ke3 f6 46. h4 h6 47. Kf4 Bc8 48. Be4 Be6 49. Bd3 fxg5+ 50. hxg5 h5 51. Ke5
Bg4 52. Kd6 (52. Be4) 52... Bf5 (52... h4 53. Be4 Kf7 54. Kxc5 Bf5 55. Bf3 $11)
53. Be2 Kf7 54. Bf3 h4 55. Kxc5 Ke6 56. Kd4 $11) 45. Ke3 Ke7 46. Kf4 Bd7 47.
Ke5 Bh3 48. Bc6 Bf5 49. h4 $11 Be6 50. Bb5 Bc8 51. Kd5 f5 52. Kxc5 $11 Ke6 53.
Kd4 Bd7 54. Ba6 Bc6 55. c5 Bd7 56. Bc4+ Ke7 57. Ke5 Bc6 {(draw?)} 58. Bg8 $16
Kf8 59. Bb3 Ke7 60. Bc4 Kd7 (60... Ba4 {holds} 61. Bg8 Kf8 62. Be6 Ke7 63. h5
Bc6 64. Bg8 Bf3 65. h6 Bc6 {and Wh can't break in}) 61. Bg8 Ke7 (61... Bf3 62.
Bxh7 Bh5 63. Bg8 Kc6 64. Kd4 Bf3 65. Bf7 Bh5 66. Be8+ Kc7 67. Ke5 $18) 62. Bxh7
Kf7 63. h5 gxh5 64. Bxf5 $18 Kg7 65. Be4 Bd7 66. c6 Bc8 67. Bf5 1-0

[Event "West Wales Open"]
[Site "Swansea"]
[Date "2018.10.13"]
[Round "3"]
[White "Harris, Calum"]
[Black "Musson, Adam J"]
[Result "0-1"]
[WhiteElo "1889"]
[BlackElo "2090"]
[Annotator "kemen"]
[PlyCount "70"]
[EventDate "2018.10.12"]
[EventType "swiss"]
[EventRounds "5"]
[EventCountry "WLS"]

1. e4 c6 2. d4 d5 3. Nd2 dxe4 4. Nxe4 Nd7 5. Nf3 Ngf6 6. Ng3 e6 7. c3 (7. Bd3)
7... Bd6 8. Bd3 Qc7 9. O-O b6 10. Re1 O-O 11. Bg5 (11. Qe2 {main}) (11. Qc2)
11... Bb7 12. Qe2 (12. Ne4 Bf4 13. Ne5 Bxg5 14. Nxg5 h6 15. Nxd7 Nxd7 16. Bh7+
Kh8 17. Bc2 Nf6 18. Ne4 Nxe4 19. Rxe4 c5 20. Rh4 Rad8 {Giorgadze-Spiridonov,
Primat 5th, Decin 1975, draw agreed}) 12... h6 $146 {Komodo12} (12... c5 13.
Ne5 {transposes to a number of games} (13. Rad1 {[%emt 0:00:02] to})) 13. Bxf6
(13. Bh4 g5 14. Nxg5 hxg5 15. Bxg5 c5 16. Nh5 Qc6 17. Nxf6+ Nxf6 18. f4 Be7 19.
f5 $11 {Komodo12}) 13... Nxf6 14. Ne4 Nxe4 15. Bxe4 (15. Qxe4 g6 16. Ne5 c5 17.
Qh4 Bxe5 18. dxe5 Qd8 $11 {Komodo12}) 15... Rfd8 16. b4 (16. Ne5 $11) 16... c5
17. Bxb7 Qxb7 18. bxc5 bxc5 19. Rab1 Qc7 20. dxc5 (20. Ne5 $11) 20... Qxc5 $15
{the passed c pawn is actually weak} 21. Nd2 (21. c4) 21... Qc7 (21... Qxc3 $17
{is quite playable, especially because Wh has to watch his backrank}) 22. g3
Rac8 (22... Qxc3) 23. c4 a5 24. Qe4 $2 Bb4 25. Qf3 (25. Rxb4 axb4 26. Qe2 Qc5
$19) 25... Rxd2 $19 26. a3 Be7 27. Rb7 Qd6 28. Reb1 Bf6 (28... Qxa3) 29. Ra7
Qc6 (29... Bd4 30. Qxf7+ Kh7 31. Rf1 Bxa7 $19 {Komodo12}) 30. Qf4 Rcd8 31. Rf1
e5 (31... Rd1 $1) 32. Qf5 Rd1 33. Qh5 Rxf1+ 34. Kxf1 Qh1+ 35. Ke2 Qd1+ 0-1